| 000 | 02574cam a22004574i 4500 | ||
|---|---|---|---|
| 003 | PE-LiUPU | ||
| 005 | 20250731173355.0 | ||
| 008 | 150706s1978 ir r 000 0 spa d | ||
| 035 | _a(Sirsi) a48996 | ||
| 040 |
_aPE-LiUPU _bspa _cPE-LiUPU _erda |
||
| 049 | _aPRUA | ||
| 082 | 0 | 4 |
_a297.204 _bFDI _221 |
| 100 | 1 |
_aMusavi Lari, Mujtaba, _eautor. |
|
| 245 | 1 | 4 |
_aLos fundamentos de la doctrina islámica : _bLibro I / _cMujtaba Musavi Lari ; traducido por Haidar Taufiq Brusa. |
| 264 | 1 |
_a[Iran] : _b[Sayyed Mojtaba Musavi Lari, Foundation of Islamic CPW], _c[1978] |
|
| 300 |
_a260 páginas ; _c22 centímetros |
||
| 336 |
_atext _2rdacontent |
||
| 337 |
_aunmediated _2rdamedia |
||
| 338 |
_avolume _2rdacarrier |
||
| 505 | 0 | _aEl desarrollo de las creencias a través de las épocas -- Las profundidades del ser del hombre lo impulsa a buscar a Dios -- Dios y la lógica empírica -- La fe en la realidad de lo invisible implica algo más que a Dios -- Las manifestaciones de Dios en la naturaleza -- La necesidad del mundo para quien no tiene necesidad -- La finitud de la cadena de causalidad -- Demagogia pseudocientífica -- ¿Cómo presenta a Dios el Sagrado Corán? -- La condición de un objeto ideal de adoración -- La incomparabilidad de los atributos divinos -- El infinito poder de Dios -- El conocimiento ilimitado de Dios -- Opiniones respecto a la justicia divina -- Un análisis sobre la desgracia y la adversidad -- La adversidad, causa del despertar -- Algunos aspectos de la desigualdad -- Libre voluntad y determinismo. Una visión general del problema -- Libro voluntad -- Las formas del querer y la voluntad de Dios -- Una interpretación impropia de Qada y Qadar. | |
| 526 | _aSEG42 | ||
| 526 | _aSEG41 | ||
| 526 | _aSEG40 | ||
| 526 | _aSEG39 | ||
| 526 | _aP94 | ||
| 526 | _aP87 | ||
| 526 | _aP86 | ||
| 526 | _aP85 | ||
| 526 | _aP77 | ||
| 526 | _aP76 | ||
| 526 | _aP35 | ||
| 541 | _g001-002141; | ||
| 650 | 0 | 4 |
_aIslam _xDoctrinas. |
| 700 | 1 |
_aTaufiq Brusa, Haidar, _etraductor. |
|
| 910 |
_agl _bjck _d20101026 |
||
| 942 |
_2ddc _cBOOK |
||
| 949 |
_a297.204 FDI 1 _wDEWEY _c1 _i62217 _lCCODEBUL1 _mBUL _p14.00 _r0 _sY _tLIBRO _u2015-07-06 _xTEOLOGIA _PP35 _o.STAFF. Colección General |
||
| 994 |
_aC0 _bPEPRU |
||
| 596 | _a1 | ||
| 999 |
_a297.204 FDI 1 _wDEWEY _c51294 _i62217 _d51294 _e2016-10-17 _f2021-11-11 _g6 _lCCODEBUL1 _mBUL _n1 _p14.00 _q1 _r0 _sY _tBOOK _u2015-7-6 _xTEOLOGIA _PP35 _0COMPRA _o.STAFF. Colección Teología |
||
| 980 |
_81 _gALBERTO SANCHEZ Responsable de Automatización |
||